000 nam a22 7a 4500
999 _c126695
_d126695
008 170821b xxu||||| |||| 00| 0 eng d
050 _aBR1453.Z55.P293
100 _aZimbabwe Christian Council
_934897
245 _aPastor's Conference September 1984 at the University of Zimbabwe
260 _aHarare
_bZimbabwe Christian Council
_c1984
300 _a118p.
_c21cm.
650 _aChristianity
_zZimbabwe
_919410
942 _2lcc
_cMONOGRAPH